• 首页
  • 本馆介绍
  • 公告通知
  • 最新文献
  • 馆藏检索
  • 电子资源
  • 读者导购
  • 参考咨询
  • 我的图书馆
  • 登录
  • 详细信息显示
  • 放入我的书架
  • 预约/预借图书
  • 作者相关作品
  • 分类相关作品
  • 丛书相关作品
  • 出版社相关作品

书目信息

  • 表格格式
  • 工作单格式
  • 卡片格式
题名:
生物化学实验技术教程
    
 
作者: 赵亚华 主编
分册:  
出版信息: 广州   华南理工大学出版社  2005
页数: 239页
开本: 26cm
丛书名:
单 册:
中图分类: Q5-33
科图分类:
主题词: 生物化学--实验--教材 , 生物化学
电子资源:
ISBN: 7-5623-1560-4
000 00870nam0 2200241 450
001 07079000376
005 20070721110039.39
010    @a7-5623-1560-4@dCNY25.00
100    @a20001109d2005 em y0chiy0110 ea
101 0  @achi
102    @aCN@b440000
105    @aa z 000yy
200 1  @a生物化学实验技术教程@Asheng wu hua xue shi yan ji shu jiao cheng@f赵亚华主编
210    @a广州@c华南理工大学出版社@d2005
215    @a239页@c图@d26cm
300    @a生物科学与工程系列教材
330    @a本书主要内容包括:生化实验原理与方法概论,概述生化实验原理与方法的基本内容;基础生化实验部分,汇编了31个基础生化实验;高级生化实验部分,包括蛋白质、核酸、酶等生物大分子的基本实验及附录四部分。
606 0  @a生物化学@x实验@j教材
606 0  @a生物化学
690    @aQ5-33@v4
701  0 @a赵亚华@Azhao ya hua@4主编
801  0 @aCN@bTAOJIN@c20070721
905    @a10447@dQ5-33@e159
    
    生物化学实验技术教程/赵亚华主编.-广州:华南理工大学出版社,2005
    239页:图;26cm
    生物科学与工程系列教材
    
    ISBN 7-5623-1560-4:CNY25.00
    本书主要内容包括:生化实验原理与方法概论,概述生化实验原理与方法的基本内容;基础生化实验部分,汇编了31个基础生化实验;高级生化实验部分,包括蛋白质、核酸、酶等生物大分子的基本实验及附录四部分。
●
相关链接 在E读中查询图书 在五车中查询图书 在当当中查询图书 在豆瓣中查询图书


正题名:生物化学实验技术教程     索取号:Q5-33/159         预约/预借

序号 登录号 条形码 馆藏地/架位号 状态 备注
1 0822571   208225712   第二样本阅览室/ [索取号:Q5-33/159] 在馆    
2 0822572   208225721   第三借阅区/ [索取号:Q5-33/159] 在馆    
3 0822573   208225730   第三借阅区/ [索取号:Q5-33/159] 在馆    
4 0822574   208225749   第三借阅区/ [索取号:Q5-33/159] 在馆    
5 0822575   208225758   第三借阅区/ [索取号:Q5-33/159] 在馆    
唐山师范学院图书馆 欢迎您!
大连网信软件有限公司© 版权所有